| 000 | 00458nam a22001811a 4500 | ||
|---|---|---|---|
| 001 | 5843 | ||
| 003 | OSt | ||
| 005 | 20260204212030.0 | ||
| 008 | 060213s1985||||sp ||||||b||||||||||spa|| | ||
| 020 | _a8433517368 | ||
| 050 | _a113.2 W125h | ||
| 100 | _aWaganer, Robert V. | ||
| 245 | _aHorizontes cósmicos comprenda el universo / Robert V. Waganer | ||
| 264 | _aEspaña : Labor | ||
| 300 | _a223 p | ||
| 650 | _a1.Universo - CosmologíaÌ | ||
| 942 |
_2ddc _cBK |
||
| 999 |
_c5843 _d5843 |
||